000 005780000a22001810004500
003 MACL
005 20160611122937.0
008 160611b xxu||||| |||| 00| 0 eng d
040 _aMACL
_cMACL
041 _aHindi
082 _a891.433
100 _aपाटील, विश्‍वास
_958262
245 _aमहानायक
_cविश्‍वास पाटील
260 _bभारतीय ज्ञानपीठ प्रकाशन
_c2010
_aदिल्‍ली
350 _a650
650 _aNovel
_964166
942 _cHIN
_k891.433/PAT/N
_2ddc
999 _c45739
_d45739